| 000 | 00760nam a2200313Ia 4500 | ||
|---|---|---|---|
| 001 | 1915 | ||
| 008 | 191123s9999 xx 000 0 und d | ||
| 041 | _aspa | ||
| 044 | _aag | ||
| 100 | _aAsociación Wagneriana. Buenos Aires | ||
| 245 | 0 | _aRafael Barradas. | |
| 260 |
_aBuenos Aires : _bLa Asociación, _c1930. |
||
| 300 | _a38 p. | ||
| 500 | _aExposición realizada del 22 de mayo al 14 de junio de 1930 | ||
| 650 | _aARGENTINA | ||
| 650 | _aBARRADAS, RAFAEL | ||
| 650 | _aBUENOS AIRES | ||
| 650 | _aEXPOSICIONES | ||
| 650 | _aPINTURAS | ||
| 650 | _aURUGUAY | ||
| 902 | _aM | ||
| 903 | _am | ||
| 904 | _am | ||
| 907 | _aImpreso | ||
| 911 | _a7 láminas b/n; 23 cm. | ||
| 912 | _a1930 | ||
| 942 | _cLIBRO | ||
| 999 |
_c1613 _d1613 |
||